| 000 | 00580nam a2200193 u 4500 | ||
|---|---|---|---|
| 005 | 20240228064301.0 | ||
| 008 | 170324s2010 es r 000 0 spa d | ||
| 020 | _a9788484647416 | ||
| 035 | _aUPN01000217049 | ||
| 049 | _aI | ||
| 050 | 4 |
_aPZ78 _bG3.32 |
|
| 100 | 1 |
_aGalán, Bruno Pep, _d1971- _936586 |
|
| 245 | 1 | 3 |
_aLa familia C / _cBruno Pep Galán ; il. Mariana Cabassa. |
| 260 |
_aVigo, Esp. : _bKalandraka, _c2010. |
||
| 300 |
_a[24] p. : _bil. col. |
||
| 650 | 4 |
_aLiteratura infantil española _95892 |
|
| 650 | 4 |
_aLibros y lectura para niños _92290 |
|
| 905 | _aInfantil | ||
| 999 |
_c189149 _d189149 |
||